Schnelle Tippen von 1 bis 100 mit einem Finger - Statistiken

Allgemein
  • Dieses Quiz wurde 870 mal gespielt
  • Das Durchschnittsergebnis liegt bei 72 aus 100
Antwortstatistiken
# % Korrekt
1
100%
2
99%
3
99%
4
99%
5
99%
6
98%
7
97%
8
97%
9
97%
12
95%
13
94%
10
93%
11
93%
14
92%
15
92%
16
92%
17
92%
18
91%
19
90%
21
90%
22
90%
23
90%
24
90%
20
89%
25
89%
26
88%
27
88%
28
88%
29
88%
33
87%
34
87%
30
86%
31
85%
32
85%
35
84%
36
84%
37
84%
38
84%
39
83%
44
83%
43
82%
45
82%
40
81%
41
81%
42
81%
46
79%
47
79%
48
79%
50
79%
49
77%
55
77%
53
76%
54
76%
56
76%
51
75%
52
75%
57
73%
58
73%
59
72%
60
70%
62
69%
66
69%
61
68%
63
68%
64
65%
65
65%
67
63%
68
60%
69
59%
70
59%
72
59%
77
59%
71
58%
73
58%
74
58%
75
57%
76
57%
78
55%
79
52%
81
51%
80
50%
82
49%
88
49%
83
48%
84
46%
85
46%
86
45%
87
45%
89
44%
90
41%
92
41%
93
41%
99
40%
91
39%
100
38%
94
37%
95
37%
97
35%
98
35%
96
34%
Keine übereinstimmenden Quizze gefunden
Verteilung der Resultate
Anzahl Personen mit jedem Resultat
Perzentil nach korrekt beantworteten Fragen
Ihre Resultats-Entwicklung
Sie haben dieses Quiz noch nicht gespielt